| 000 | 00433nam a2200145Ia 4500 | ||
|---|---|---|---|
| 008 | 210210b1970 xxu||||| |||| 00| 0 eng d | ||
| 082 | _a530.141CORI | ||
| 100 | _aCORSON (Dale R) & LORRAIN (Paul). | ||
| 245 | _aIntroduction to electromagnetic fields & waves. | ||
| 260 |
_aBombay _bD B Taraporevala Sons & Co.,Pvt Ltd., _c1970 |
||
| 300 | _axiv,552 | ||
| 650 | _aElectromagnetic Fields Waves | ||
| 690 | _aPhysics | ||
| 906 | _a039442 | ||
| 999 |
_c89507 _d89507 |
||